Missing Word: Music & Movies (M) Quiz Stats

Quiz Updated Nov 6, 2017

Challenge
Share
Tweet
Embed
Score 0/26 Timer 02:00
0 Plays Today
Title 'M' Word % Correct
____ Than a FeelingMore
98%
Bad ____ RisingMoon
97.5%
Little ____ SunshineMiss
94.6%
Life On ____Mars?
92.9%
The Girl Is ____Mine
92.1%
It ____ Have Been LoveMust
91.8%
The Man in the Iron ____Mask
91.6%
There's Something About ____Mary
91.3%
Coat of ____ ColorsMany
90.8%
____ Lisa SmileMona
90.5%
Paul Blart: ____ CopMall
90.1%
You've Got ____Mail
88.5%
8 ____Mile
87.6%
Title 'M' Word % Correct
____ the FlintstonesMeet
86.7%
Monster ____Mash
85.8%
____ in ManhattanMaid
85.1%
____ GirlsMean
80.9%
Gorillas in the ____Mist
80.8%
____ the KnifeMack
79.6%
Magic ____Mike
78.9%
____ Told Me Not to ComeMama
76%
____ GamesMind
70%
The ____ RunnerMaze
64.6%
____ You Feel My LoveMake
62.1%
Black Snake ____Moan
39.9%
____ of KintyreMull
26.4%

Today's Daily Dose

Missing Word
1971 Movies A-Z

Word Ladder
Complete Tour

Quick Pick
Logo Colors

On This Day
January 19th

You're not logged in!

Compare scores with friends on all Sporcle quizzes.
Sign Up with Email
OR
Log In

You Might Also Like...

Show Comments

Extras

Top Quizzes Today


Score Distribution

Your Account Isn't Verified!

In order to create a playlist on Sporcle, you need to verify the email address you used during registration. Go to your Sporcle Settings to finish the process.